书目信息 |
| 题名: |
档案保护技术
|
|
| 作者: | 张美芳 著 | |
| 分册: | ||
| 出版信息: | 北京 中国文史出版社 2017 |
|
| 页数: | 209页 | |
| 开本: | 24cm | |
| 丛书名: | ||
| 单 册: | ||
| 中图分类: | G273.3 | |
| 科图分类: | ||
| 主题词: | 档案保护 | |
| 电子资源: | ||
| ISBN: | 978-7-5034-9551-9 | |
| 000 | 00809nam0 2200241 450 | |
| 001 | 6101 | |
| 005 | 20180530130345.54 | |
| 010 | @a978-7-5034-9551-9@dCNY28.00 | |
| 100 | @a20171222d2017 em y0chiy50 ea | |
| 101 | 0 | @achi |
| 102 | @aCN@b110000 | |
| 105 | @ay z 000yy | |
| 200 | 1 | @a档案保护技术@9dang an bao hu ji shu@f张美芳著 |
| 210 | @a北京@c中国文史出版社@d2017 | |
| 215 | @a209页@d24cm@e1光盘 | |
| 304 | @a国家档案局组织编写 | |
| 307 | @a附光盘:ISBN 978-7-900211-80-4 | |
| 330 | @a本书内容包括纸质档案及实物档案的保护、声像档案的保护、环境条件对档案的影响、档案有害微生物病害及其防治、档案害虫防治、档案馆建筑与档案保护、档案修复技术等。 | |
| 606 | 0 | @a档案保护 |
| 690 | @aG273.3@v5 | |
| 701 | 0 | @a张美芳@9zhang mei fang@4著 |
| 801 | 0 | @aCN@b91MARC@c20171222 |
| 905 | @aMuseLib@dG273.3@e91 | |
| 档案保护技术/张美芳著.-北京:中国文史出版社,2017 |
| 209页;24cm+1光盘 |
| ISBN 978-7-5034-9551-9:CNY28.00 |
| 本书内容包括纸质档案及实物档案的保护、声像档案的保护、环境条件对档案的影响、档案有害微生物病害及其防治、档案害虫防治、档案馆建筑与档案保护、档案修复技术等。 |
| ● |
| 相关链接 |
|
|
|
|
正题名:档案保护技术
索取号:G273.3/91
 
预约/预借
| 序号 | 登录号 | 条形码 | 馆藏地/架位号 | 状态 | 备注 |
| 1 | 1115984 | 211159841 | 第一样本阅览室/ [索取号:G273.3/91] | 在馆 | |
| 2 | 1115985 | 211159850 | 教育系资料室/ [索取号:G273.3/91] | 在馆 | |
| 3 | 1115986 | 211159869 | 教育系资料室/ [索取号:G273.3/91] | 在馆 | |
| 4 | 1115987 | 211159878 | 第四借阅区/ [索取号:G273.3/91] | 在馆 |